000 00555nam a2200181Ia 4500
003 IN-BaIIA
008 211028s9999 xx 000 0 eng d
040 _cIIA Library
080 _a081:53
_bCHA-2
100 _aChadwick, James
_91530
245 4 _aThe collected papers of Lord Rutherford of Nelson
_bvol. 2
_cJ. Chadwick
260 _aLondon
_bGeorge Allen & Unwin
_c1963
300 _a590p.
650 _aCollected works-Lord Rutherford Nelson
_94017
650 _aLord Rutherford Nelson collected works
_94018
650 _aNASA thesaurus
942 _cBK
999 _c3623
_d3623